[Event "USA-ch Juniors 2020"]
[Site "Saint Louis"]
[Date "2020.10.15"]
[Round "7.3"]
[White "Jacobson, Brandon"]
[Black "Tiglon, Bryce"]
[Result "1-0"]
[WhiteElo "2487"]
[BlackElo "2393"]
[Annotator "TA"]
[PlyCount "67"]
[EventDate "2020.10.13"]
[EventType "tourn"]
[EventCountry "USA"]
[SourceTitle "playchess.com"]
[Source "ChessBase"]
[SourceQuality "1"]

{[%evp 30,67,19,0,0,0,29,6,24,19,40,31,16,29,46,-237,0,0,-27,-265,0,0,522,516,703,654,29968,29969,29969,29970,29969,29970,29965,29966,5735,5727,5727,5718,29998,29999]} 1. d4 Nf6 2. c4 g6 3. Nc3 d5 4. cxd5 Nxd5 5. e4 Nxc3 6. bxc3 Bg7 7. Nf3 c5 8. Rb1 O-O 9. Be2 Nc6 10. d5 Ne5 11. Nxe5 Bxe5 12. Qd2 e6 13. f4 Bc7 14. O-O exd5 15. exd5 Ba5 16. d6 Rb8 {D85: Exchange Grünfeld: Unusual White 7th moves and lines with 7 Nf3.} 17. Rb5 {aiming for f5.} Bd7 18. f5 {Rxa5! is the strong threat.} Bxb5 {The position is equal.} 19. Bxb5 {Hoping for f6.} Qh4 20. Rf4 {[%mdl 1024] White has compensation.} Qg5 21. Qe1 a6 {[#]} 22. Bd7 $146 {[%mdl 8192]} (22. fxg6 $1 $14 {keeps the upper hand.} Qxg6 23. Rf3 axb5 24. Rg3) ({Predecessor:} 22. fxg6 Qxg6 23. Bd7 Kh8 24. Bf5 Qf6 25. Qe2 Qh6 26. Rf1 Qg7 27. Qh5 Rg8 28. g3 {1-0 (40) Ghosh,A (2068)-Ferre Perez,A (2114) ICCF email 2014}) 22... Rbd8 $2 (22... Qd8 $19 23. fxg6 hxg6) 23. Rf3 Qg4 24. Rf4 $2 (24. Qe7 $11 {and White stays safe.} Qc4 25. Be6 $1 {[%mdl 512]} fxe6 26. fxg6 hxg6 27. Bh6 Bxc3 28. Rxf8+ Rxf8 29. Qxf8+ Kh7 30. Be3) 24... Qg5 $2 (24... Qh5 $19 25. Ba4 Rxd6) 25. fxg6 $11 Qxg6 $2 {[%mdl 8192]} ({Don't blunder} 25... Rxd7 $2 26. gxh7+ Kh8 {[#]} 27. Rxf7 $1 $18 {[%mdl 512]}) (25... hxg6 $11 26. Rxf7 Qh5) 26. Bf5 $18 Qxd6 {And now ...Qd1 would win.} 27. Qh4 {[%csl Gf5][%cal Rh4h7]} Rfe8 28. Qxh7+ Kf8 29. Qh8+ Ke7 30. Re4+ Qe6 31. Rxe6+ fxe6 32. Qg7+ Kd6 33. Bf4+ Kd5 34. Qxb7+ {[%mdl 64] Double Attack. Av CentiPawn Loss W=-35/B=-191. Weighted=-40/-241} 1-0

[Event "USA-ch Juniors 2020"]
[Site "Saint Louis"]
[Date "2020.10.15"]
[Round "7.4"]
[White "Balakrishnan, Praveen"]
[Black "Yoo, Christopher Woojin"]
[Result "1/2-1/2"]
[WhiteElo "2485"]
[BlackElo "2455"]
[Annotator "TA"]
[PlyCount "98"]
[EventDate "2020.10.13"]
[EventType "tourn"]
[EventCountry "USA"]
[SourceTitle "playchess.com"]
[Source "ChessBase"]
[SourceQuality "1"]

{[%evp 26,98,33,38,37,35,58,54,56,14,52,41,47,61,84,41,51,60,91,91,101,45,123,117,114,118,113,118,129,27,45,0,0,0,0,0,0,0,0,0,0,0,0,0,0,0,0,0,0,0,0,0,0,0,0,0,0,-32,-16,-16,-16,-16,-15,-15,0,0,0,0,0,0,0,0,0,0,0]} 1. e4 c5 2. Nf3 e6 3. d4 cxd4 4. Nxd4 Nf6 5. Nc3 Nc6 6. Ndb5 Bb4 7. a3 Bxc3+ 8. Nxc3 d5 9. exd5 exd5 10. Bd3 O-O 11. O-O d4 12. Ne2 Bg4 13. f3 Bh5 14. Bg5 Bg6 {B45: Sicilian Four Knights.} 15. Bh4 Qd6 16. Bg3 Qd5 {[#] White is slightly better.} 17. Qd2 $146 ({Predecessor:} 17. Bf2 Rad8 18. Bxg6 hxg6 19. Qd2 Qb5 20. a4 Qc4 21. b3 Qd5 22. Rad1 d3 23. Nf4 {1-0 (41) Clarke,B (2411)-Yang,G (1860) Sydney 2018}) 17... Rac8 18. Rad1 Bxd3 19. Qxd3 Rfd8 20. Rfe1 Rd7 21. Bh4 Qc5 22. Bxf6 gxf6 23. f4 (23. b4 $16 Qb6 24. Kf1) 23... Re7 (23... Ne7 $14) 24. Ng3 $16 Rxe1+ 25. Rxe1 Ne7 26. b4 Qd6 27. Qe2 ({White should play} 27. h3 $16) 27... Kf8 $1 $11 28. f5 Nd5 29. Qh5 Ne3 30. Qh6+ Ke7 31. Nf1 Rxc2 32. Nxe3 dxe3 33. Qxe3+ {[%mdl 64] [#] Double Attack} Qe5 $1 34. Qxe5+ (34. Qe4 {looks sharper.} Qxe4 35. Rxe4+ Kf8 36. a4 Ra2 37. a5) 34... fxe5 35. Rxe5+ {[%mdl 4096] Endgame KR-KR} Kf6 36. Rb5 b6 37. a4 Rb2 38. h4 h5 39. Kh2 Rf2 40. Rd5 Rf4 41. Rd7 Rxh4+ 42. Kg3 {The position is equal.} Rxb4 43. Rxa7 Rg4+ 44. Kf3 Rg5 45. Ra6 Rxf5+ 46. Kg3 Kg5 47. Rxb6 {[#] Threatens to win with Rb5.} h4+ 48. Kh3 {Strongly threatening Rb5.} Rf4 49. Rb5+ f5 {Av CentiPawn Loss W=-8/B=-7. Weighted=-9/-11} 1/2-1/2

[Event "USA-ch Juniors 2020"]
[Site "Saint Louis"]
[Date "2020.10.15"]
[Round "7.5"]
[White "Xiong, Jeffery"]
[Black "Sheng, Joshua"]
[Result "1-0"]
[WhiteElo "2709"]
[BlackElo "2474"]
[Annotator "TA"]
[PlyCount "77"]
[EventDate "2020.10.13"]
[EventType "tourn"]
[EventCountry "USA"]
[SourceTitle "playchess.com"]
[Source "ChessBase"]
[SourceQuality "1"]

{[%evp 9,77,9,9,0,0,-9,35,39,79,74,72,87,132,45,39,-19,10,-57,-43,-79,-65,-52,-63,-134,-49,-50,87,93,110,100,105,103,108,90,173,159,182,178,158,127,128,135,123,124,222,121,129,110,129,66,58,34,32,34,455,455,455,455,455,455,446,446,446,446,445,443,785,779,814,814]} 1. d4 d5 2. Nf3 Nf6 3. Bf4 Bf5 4. e3 e6 5. c4 Bxb1 6. Qxb1 {D02: 1 d4 d5 2 Nf3 sidelines, including 2...Nf6 3 g3 and 2...Nf6 3 Bf4.} Bb4+ 7. Kd1 O-O 8. c5 {[#] White is slightly better.} Ne4 $146 ({Predecessor:} 8... c6 9. Bd3 Nbd7 10. Ke2 Ba5 11. g4 g6 12. Qg1 b6 13. h4 bxc5 14. h5 Bc7 {0-1 (26) Caruana,F (2807)-Karjakin,S (2773) Saint Louis 2017}) 9. Qc2 c6 10. Bd3 $1 f5 11. Ke2 (11. Ne5 $1 $16) 11... Ba5 $14 12. Qb3 (12. b4 $14 Bc7 13. Bxc7 Qxc7 14. Ne5) 12... Qc8 13. g4 (13. Rhb1 $11) 13... Bc7 $15 14. Rhg1 Bxf4 15. exf4 Nd7 16. Ne5 ({Better is} 16. Rg2 $15) 16... b6 ({Black should try} 16... Nxe5 $17 17. fxe5 fxg4 18. Bxe4 dxe4 19. Rxg4 Rf3) 17. gxf5 {Black must now prevent Bxe4.} exf5 (17... Nxe5 $15 18. dxe5 (18. fxe5 Rxf5 19. Rg2 bxc5 $15) 18... Rxf5 19. Bxe4 (19. cxb6 axb6 20. Bxe4 dxe4 $11) 19... dxe4) 18. Bxe4 $1 $16 Nxe5 {[#]} 19. Bxd5+ $1 {[%mdl 512]} Nf7 (19... cxd5 20. dxe5) 20. Bc4 $1 Qd7 21. Rad1 Rae8+ (21... Kh8 $16) 22. Kf1 $18 Re4 23. d5 bxc5 24. dxc6 Qxc6 25. Bd5 Qa6+ 26. Kg2 c4 {[#]} (26... Re7 $16 {might work better.}) 27. Qf3 (27. Qc3 $1 $18) 27... Re7 $16 28. Qc3 Kh8 29. Kh1 (29. Rde1 $16 Qg6+ 30. Kh1 Rxe1 31. Rxe1) 29... Nd6 30. Rg6 Qb6 $1 {aiming for ...Ne4.} 31. Rdg1 $40 {[%cal Rg6g7][%mdl 128] Black needs to defend precisely.} Qc7 $2 {[%mdl 8192] [#] Now Black is done in.} (31... Ne4 $14 32. Bxe4 hxg6) 32. Rh6 $1 $18 {[%cal Rh6h7][%mdl 512] Threatening mate with Rxh7+!White is clearly winning.} Rff7 33. Bxf7 Rxf7 34. Re6 Qc6+ 35. f3 Qd5 36. Re5 Qa8 37. Rd1 Rf6 (37... Ne8 $142 38. Kg2 h6 39. Qxc4 Rf8) 38. Qe3 {Rxd6! is the strong threat.} h6 {[#]} 39. Rxd6 $1 {[%mdl 576] Remove Defender. Av CentiPawn Loss W=-17/B=-41. Weighted=-20/-37} 1-0

[Event "USA-ch Juniors 2020"]
[Site "Saint Louis"]
[Date "2020.10.15"]
[Round "8.1"]
[White "Sevian, Samuel"]
[Black "Sheng, Joshua"]
[Result "1-0"]
[WhiteElo "2660"]
[BlackElo "2474"]
[Annotator "TA"]
[PlyCount "69"]
[EventDate "2020.10.13"]
[EventType "tourn"]
[EventCountry "USA"]
[SourceTitle "playchess.com"]
[Source "ChessBase"]
[SourceQuality "1"]

{[%evp 14,69,16,19,28,0,0,-27,-38,-37,29,11,31,24,38,0,0,0,65,114,143,126,145,133,124,90,105,72,63,77,160,0,0,0,23,5,7,22,29,0,0,0,164,60,328,338,321,327,422,416,406,414,359,261,681,667,1157,1093]} 1. e4 c6 2. d4 d5 3. e5 Bf5 4. h4 h5 5. c4 e6 6. Nc3 dxc4 7. Bxc4 Nd7 8. Nge2 {8.Bg5 is vanishing.} Be7 {B12: Caro-Kann: Advance Variation.} 9. Ng3 Bg6 10. Nce4 $5 {[%mdl 4] Exploring less charted territory.} Nh6 {Black has an edge.} 11. Bg5 {[#]} Qa5+ $146 (11... Bxe4 $15 12. Nxe4 Nf5) ({Predecessor:} 11... Bxe4 12. Nxe4 Nf5 13. Qd2 Nb6 14. Bd3 Qxd4 15. Bxe7 Kxe7 16. O-O Rad8 17. Rad1 Qxe5 {1-0 (46) Fernando,D (2238)-Fernandes,P Lisbon 1999}) 12. Kf1 $1 $11 Rd8 13. Qb3 $36 {[%mdl 2048] Black is under pressure.} Nb6 14. Bxe7 Kxe7 15. Nd6 Ng4 ({Better is} 15... Nxc4 $11 16. Qxc4 Rd7) 16. Be2 $14 Rd7 17. Bxg4 $1 hxg4 18. h5 Bh7 19. Qe3 Rg8 20. Qg5+ Kf8 {Threatens to win with ...Rxd6!} 21. Qxg4 Qd5 {[#]} (21... Qd2 $142) 22. h6 $2 ({White should try} 22. Ne2 $1 $16) 22... Nc4 $1 $11 23. Nxc4 Qxc4+ 24. Kg1 {aiming for Qg5.} Rxd4 25. Qg5 {Strongly threatening Nh5.} Qd5 $1 26. Rh4 Rxh4 $1 27. Qxh4 g5 $2 {[#]} (27... gxh6 $11 28. Qxh6+ Rg7) 28. Qa4 (28. Qb4+ $1 $18 c5 29. Qe1) 28... Qxe5 $2 {[%mdl 8192] This move loses the game for Black.} ({Black should play} 28... Rg6 $1 $14) 29. Qb4+ $18 {[%mdl 64] Double Attack} ({Much less strong is} 29. Qxa7 $6 Qc7 $18) 29... c5 30. Qxb7 {Rd1 is the strong threat.} Qd5 31. Qxa7 Rg6 32. Qb8+ Ke7 33. Qc7+ Ke8 $2 {[#]} (33... Kf8 34. Qc8+ Ke7 35. Qc7+ Kf8 36. Qc8+ Ke7 37. Qc7+) 34. Ne4 $1 {[%mdl 512] And now Nd6+ would win.} Qd7 (34... Qxe4 35. Rd1) 35. Qxc5 {Av CentiPawn Loss W=-21/B=-62. Weighted=-27/-68} 1-0

[Event "USA-ch Juniors 2020"]
[Site "Saint Louis"]
[Date "2020.10.15"]
[Round "8.2"]
[White "Yoo, Christopher Woojin"]
[Black "Xiong, Jeffery"]
[Result "0-1"]
[WhiteElo "2455"]
[BlackElo "2709"]
[Annotator "TA"]
[PlyCount "94"]
[EventDate "2020.10.13"]
[EventType "tourn"]
[EventCountry "USA"]
[SourceTitle "playchess.com"]
[Source "ChessBase"]
[SourceQuality "1"]

{[%evp 27,94,0,0,0,0,0,0,0,0,0,0,0,9,0,0,-20,-15,-13,-6,-9,-9,-8,0,-6,0,-8,0,-17,0,-14,-14,-14,0,0,0,0,0,0,0,0,0,-3,0,0,0,-629,-629,-607,-607,-581,-592,-552,-545,-490,-490,-29960,-29965,-29962,-29964,-6070,-6070,-29987,-29988,-29988,-29989,-29989,-29990,-29990,-29991]} 1. Nf3 Nf6 2. c4 b6 3. g3 c5 4. Bg2 Bb7 5. O-O g6 6. b3 Bg7 7. Bb2 O-O 8. Nc3 Na6 9. d4 d5 10. dxc5 Nxc5 11. Nxd5 Nxd5 12. Bxg7 Kxg7 13. cxd5 Qxd5 14. Qxd5 Bxd5 15. Rfd1 {A30: Symmetrical English: Double Fianchetto and Hedgehog.} Rfd8 16. Ne5 Bxg2 17. Kxg2 {The position is equal.} Kf6 18. f4 Ke6 19. Kf3 {[#]} Rac8 $5 $146 {[%mdl 8] An interesting novelty.} ({Predecessor:} 19... f6 20. Nc6 Rd6 21. Nd4+ Kf7 22. Nb5 Rxd1 23. Rxd1 a6 24. Nc7 Rc8 25. Nd5 Rd8 {½-½ (31) Korpa,B (2546)-Nagy,G (2489) Hungary 2020}) 20. Rac1 f6 21. Nd3 (21. Rxd8 {feels hotter.} Rxd8 22. Nc6 Rd2 23. b4 Na4 24. Nxa7 Rxa2 25. Rc7) 21... Nxd3 22. Rxc8 Ne1+ 23. Rxe1 Rxc8 $11 {[%mdl 4096] Endgame KR-KR} 24. e4 Rc3+ 25. Re3 Rc1 26. Re2 h5 27. h4 a5 28. Rd2 Rc3+ 29. Kf2 f5 30. exf5+ gxf5 31. Kg2 b5 32. Kf2 a4 33. bxa4 bxa4 34. Kg2 Rc5 35. Kf3 Rd5 36. Ke3 $2 {[%mdl 8192]} (36. Re2+ $11 Kd6 37. Re3) 36... Rxd2 $19 37. Kxd2 {KP-KP} Kd5 38. Kc3 {[#] intending Kb4.} Ke4 $1 {[%cal Re4f3] And now ...Kf3 would win.} 39. Kb4 Kf3 40. Kxa4 {Kb4 is the strong threat.} Kxg3 41. Kb4 (41. Kb5 $19 Kxf4 42. a4) 41... Kxf4 {K3P-KPP} 42. a4 Ke5 43. Kc5 Ke6 44. Kc6 f4 {Black mates.} 45. a5 f3 46. a6 f2 47. a7 f1=Q {Av CentiPawn Loss W=646/B=-1. Weighted=1363/-1} 0-1

[Event "USA-ch Juniors 2020"]
[Site "Saint Louis"]
[Date "2020.10.15"]
[Round "8.3"]
[White "Tiglon, Bryce"]
[Black "Balakrishnan, Praveen"]
[Result "1/2-1/2"]
[WhiteElo "2393"]
[BlackElo "2485"]
[Annotator "TA"]
[PlyCount "62"]
[EventDate "2020.10.13"]
[EventType "tourn"]
[EventCountry "USA"]
[SourceTitle "playchess.com"]
[Source "ChessBase"]
[SourceQuality "1"]

{[%evp 14,62,19,19,19,14,14,14,27,22,45,23,16,0,0,0,22,-11,14,11,10,7,15,0,11,0,0,0,0,0,2,0,21,21,17,21,44,56,32,0,24,17,21,17,11,0,15,0,8,0,18]} 1. e4 c6 2. d4 d5 3. e5 Bf5 4. Nf3 e6 5. Be2 Ne7 6. c3 Nd7 7. O-O c5 8. dxc5 Nxc5 {B12: Caro-Kann: Advance Variation.} 9. Nd4 Bg6 10. Be3 Nc6 11. f4 Be7 12. Nd2 O-O {[#]} 13. b4 $146 {[#] Hoping for Nxc6.} ({Predecessor:} 13. N2b3 Nxb3 14. axb3 Nxd4 15. Bxd4 a5 16. Bd3 Qd7 17. Bxg6 fxg6 18. c4 dxc4 19. bxc4 {½-½ (71) Frolyanov,D (2563)-Ponkratov,P (2608) Khanty-Mansiysk 2017}) 13... Ne4 14. Nxe4 {Strongly threatening Nxc6.} Bxe4 15. a4 Rc8 16. a5 Nxd4 17. Bxd4 a6 18. Qd2 f6 19. Qe3 fxe5 20. fxe5 Qd7 21. Bg4 Rxf1+ 22. Rxf1 Rf8 23. Rxf8+ Bxf8 24. Bc5 Qc6 25. Bxf8 Kxf8 26. Qf4+ Ke8 27. h3 Ke7 {The position is equal.} 28. Qg5+ Kf7 29. Qf4+ Ke7 30. Qg5+ Kf7 31. Qf4+ Ke7 {Av CentiPawn Loss W=-5/B=-7. Weighted=-5/-7} 1/2-1/2

[Event "USA-ch Juniors 2020"]
[Site "Saint Louis"]
[Date "2020.10.15"]
[Round "8.4"]
[White "Burke, John M"]
[Black "Jacobson, Brandon"]
[Result "1-0"]
[WhiteElo "2538"]
[BlackElo "2487"]
[Annotator "TA"]
[PlyCount "97"]
[EventDate "2020.10.13"]
[EventType "tourn"]
[EventCountry "USA"]
[SourceTitle "playchess.com"]
[Source "ChessBase"]
[SourceQuality "1"]

{[%evp 9,97,39,68,47,64,31,38,35,30,43,25,27,52,55,44,56,61,54,41,38,49,36,52,29,39,37,40,43,71,75,77,71,76,76,118,120,127,126,145,48,67,78,97,106,99,99,101,93,115,12,26,16,26,15,12,17,24,12,20,36,60,66,70,7,140,122,124,127,137,137,246,260,257,252,568,575,1143,1154,1125,1114,1104,318,1103,1089,1028,1003,29964,29965,5222,4802]} 1. e4 {Marin,M} d5 2. exd5 Qxd5 3. Nc3 Qd6 4. d4 Nf6 5. Nf3 g6 6. Nb5 {B01: Scandinavian Defence.} Qb6 {6...Qb6 has become a bit dusty these days.} 7. c3 Bg7 8. Be2 {White is slightly better.} O-O 9. O-O c6 10. Na3 {[%cal Bb5a3,Ba3c4,Bc4e5][%mdl 32] [#]} Rd8 $146 ({Predecessor:} 10... Qc7 11. Bg5 Bf5 12. Qc1 Nbd7 13. Bf4 Qc8 14. Rd1 Rd8 15. Nc4 c5 16. d5 Nb6 {1-0 (64) Andreikin,D (2722)-Caruana,F (2844) Baku 2014 CBM 163 [Marin,M]}) 11. Nc4 Qc7 $1 12. Nce5 Be6 13. Ng5 Bd5 14. Bf4 {Strongly threatening c4.} Qc8 $1 15. Re1 h6 16. Ngf3 $36 {[%mdl 2048] White is pushing.} c5 $1 17. Qc1 g5 18. Be3 Nbd7 19. h4 g4 {[#]} 20. Nh2 $1 cxd4 21. Bxd4 h5 22. Nxd7 Qxd7 23. Qg5 Be6 24. Bxf6 (24. Bd1 $16) 24... exf6 $14 25. Qxh5 {[%cal Rh2g4]} f5 26. Nf1 Qe7 {[#]} 27. Bc4 $1 {[%mdl 512] And now Bxe6 would win.} Qf6 (27... Bxc4 28. Rxe7) 28. Bb3 Rd6 29. Qg5 (29. Rad1 $16 Rad8 30. Rxd6 Rxd6 31. Bxe6 fxe6 32. Qe8+ Bf8 33. Qc8) 29... Qxg5 $11 30. hxg5 Kh7 31. f4 gxf3 32. gxf3 Rad8 33. Kf2 Kg6 34. f4 Rb6 35. Re2 Bf8 36. Bxe6 ({White should try} 36. Nh2 $14) 36... fxe6 (36... Rxe6 $11 37. Rxe6+ fxe6) 37. Rae1 Kf7 38. Nh2 Bd6 39. Kg3 Bc7 (39... Bf8 $16 {was necessary.} 40. Nf3 Rd3) 40. Nf3 $18 Rd3 41. Rh1 {Black must now prevent Rh7+.} Kg7 $2 (41... Rc6 {is tougher.} 42. Rh7+ Kf8) 42. Reh2 Rc6 43. Rh7+ Kf8 44. Rh8+ Kg7 45. R1h7+ Kg6 46. Re7 {[%csl Gg5][%cal Rh8h6]} Bxf4+ 47. Kxf4 {[%csl Gg5][%cal Rh8h6]} Rc4+ {[#]} 48. Kg3 $1 {[%csl Gg5][%cal Rh8h6]} Rg4+ {[#]} 49. Kf2 $1 {Av CentiPawn Loss W=-18/B=503. Weighted=-12/173} 1-0

[Event "USA-ch Juniors 2020"]
[Site "Saint Louis"]
[Date "2020.10.15"]
[Round "8.5"]
[White "Shen, Christopher"]
[Black "Checa, Nicolas"]
[Result "0-1"]
[WhiteElo "2354"]
[BlackElo "2527"]
[Annotator "TA"]
[PlyCount "120"]
[EventDate "2020.10.13"]
[EventType "tourn"]
[EventCountry "USA"]
[SourceTitle "playchess.com"]
[Source "ChessBase"]
[SourceQuality "1"]

{[%evp 11,120,8,22,0,5,17,26,25,26,6,12,12,18,-41,-10,-16,20,10,42,-18,6,-58,-56,-52,-53,-60,-43,-85,-72,-72,-14,-19,-14,-10,-11,-14,-7,0,0,0,0,0,0,0,0,0,0,0,0,0,0,0,0,0,0,-106,-101,-102,0,-97,0,0,0,-462,-63,-242,-236,-222,-219,-460,0,-87,-81,-81,0,-70,0,0,0,0,0,0,0,0,0,0,0,0,0,0,0,-5,0,-398,-350,-446,-430,-678,-684,-618,-583,-29980,-29981,-29982,-29982,-29992,-29993,-29993,-29994,-29997,-29998]} 1. d4 d5 2. c4 c6 3. Nf3 Nf6 4. cxd5 cxd5 5. Nc3 Nc6 6. Bf4 a6 7. Qb3 {7.Rc1 is the modern continuation. D13: Slav Defence: Exchange variation without ...Bf5.} Na5 8. Qc2 e6 9. e3 {White has an edge.} Bd7 {[#]} 10. Be2 $146 ({Predecessor:} 10. h3 Rc8 11. Bd3 b5 12. a3 Bc6 13. O-O Bd6 14. Bg5 h6 15. Bh4 {½-½ (100) Menezes,C (2402)-Mroziak,M (2359) Krakow 2017}) 10... Rc8 11. O-O Ne4 12. a3 (12. Bd3 $11) 12... Be7 13. Bd3 Nxc3 14. bxc3 Nc4 15. Qb3 ({White should try} 15. a4 $14) 15... b5 16. Bxc4 (16. Qc2 $11) 16... Rxc4 $15 17. Ne5 Ra4 $1 18. Nd3 Qa5 19. Nc5 Bxc5 20. dxc5 O-O (20... Rc4 $17) 21. Bd6 $11 Rc8 22. Rfd1 Rc4 23. Rac1 Bc6 24. Rd4 f6 25. Rxc4 dxc4 26. Qb4 Qd8 27. f3 Qe8 28. Qa5 h5 29. Rd1 Kh7 30. h4 ({But not} 30. Qxa6 Ra8 $17) 30... e5 31. Kh2 e4 32. f4 Qd7 33. Rd4 (33. Rf1 $11) 33... Qg4 $17 34. Qxa6 Qxh4+ 35. Kg1 Qe1+ (35... Qg4 $1 $17) 36. Kh2 $11 Bd7 37. Be7 $2 {[%mdl 8192]} (37. Qb7 $11 {and White has nothing to worry.} Bf5 38. Qf7) 37... Qh4+ (37... h4 $142 38. Qb7 Qg3+ 39. Kh1 Qe1+ 40. Kh2 Qg3+ 41. Kh1 h3 42. Qxe4+ f5) 38. Kg1 $19 Bf5 $1 {aiming for ...Qe1+.} 39. Rd5 Bg4 40. Qb7 $2 {[#]} (40. Bxf6 {is the only way for White.} Qxf6 41. Rxh5+ $1 {[%mdl 512]} Kg8 42. Qb7) 40... Kh6 $2 {[#]} (40... Qg3 $1 $19 {[%mdl 512]} 41. Kh1 Qh4+ 42. Kg1 Qe1+ 43. Kh2 Qh4+ 44. Kg1) 41. Rd4 (41. Bxf6 $1 $11 {[%mdl 512]} Qe1+ (41... gxf6 42. Qf7) 42. Kh2 gxf6 43. Qf7 Qh4+ 44. Kg1) 41... Qe1+ $17 42. Kh2 Qh4+ ({Wrong is} 42... Qxc3 $2 43. Bxf6 $1 {[%mdl 512]} gxf6 44. Qf7 $18) 43. Kg1 Qg3 ({Better is} 43... Kg6 $1 $15 44. Bd6 Bf5) 44. Qxe4 $11 Re8 {Hoping for ...Rxe7!} 45. Rd8 Rxd8 46. Bxd8 Qe1+ 47. Kh2 Qh4+ 48. Kg1 Qe1+ {[%mdl 64] Double Attack} 49. Kh2 Qxc3 50. c6 Qd2 51. c7 c3 52. f5 $2 {[%mdl 8192] [#]} (52. Bxf6 $1 $11 gxf6 53. Qe7) 52... Qd6+ $1 $19 53. Kg1 Qc5 54. Qe7 (54. Qf4+ $142 Kh7 55. Be7) 54... Qc6 {...Bh3! is the strong threat.} 55. Qf8 Bxf5 {( -> ...c2)} 56. Qh8+ Kg6 {Black mates.} 57. e4 Bg4 58. Qf8 c2 59. Kh2 c1=Q 60. Qe7 Qf4+ {[%mdl 64] Double Attack. Av CentiPawn Loss W=-60/B=-23. Weighted=-96/-35} 0-1

[Event "USA-ch Juniors 2020"]
[Site "Saint Louis"]
[Date "2020.10.15"]
[Round "9.1"]
[White "Checa, Nicolas"]
[Black "Sevian, Samuel"]
[Result "0-1"]
[WhiteElo "2527"]
[BlackElo "2660"]
[Annotator "TA"]
[PlyCount "132"]
[EventDate "2020.10.13"]
[EventType "tourn"]
[EventCountry "USA"]
[SourceTitle "playchess.com"]
[Source "ChessBase"]
[SourceQuality "1"]

{[%evp 24,132,18,24,22,18,0,0,0,0,0,0,0,0,0,-199,-203,-197,-178,-197,-159,-164,-172,-230,-220,-276,-277,-281,-146,-153,-158,-140,-122,-128,-141,-144,-146,-182,-182,-182,-181,-218,-217,-219,-214,-219,-219,-933,0,0,0,-558,-30,-30,-30,-30,-30,-30,-30,-30,-30,-30,-30,-30,-29,-31,-31,-43,-31,-35,-8,-27,-27,-27,-26,-45,-43,-40,-37,-71,-71,-71,-71,-226,-218,-218,-211,-218,-218,-211,-211,-191,-191,-205,-191,-191,-191,-165,-165,-294,-291,-286,-286,-513,-438,-401,-282,-29996,-29997,-29997,-29998]} 1. d4 {Roiz,M} Nf6 2. c4 g6 3. Nc3 d5 4. Nf3 Bg7 5. Qb3 dxc4 6. Qxc4 O-O 7. e4 Na6 8. Be2 c5 9. d5 e6 10. O-O exd5 11. exd5 Re8 {11...Bf5 is vanishing.} 12. Rd1 Bf5 13. d6 h6 {D97: Grünfeld: Russian System: 7 e4, replies other than 7...Bg4.} 14. Be3 Ng4 15. Bf4 Bxc3 $1 {The position is equal.} 16. bxc3 Re4 17. Qb5 Rxf4 18. Qxb7 Ra4 $1 {[#]} 19. Bxa6 $146 (19. d7 $11 Nc7 20. h3) ({Predecessor:} 19. d7 Be4 20. Qb3 Bc6 21. Rd6 Bxd7 22. Rad1 Qb8 23. Rxd7 Qxb3 24. axb3 Ra2 25. Bc4 Rf8 26. R7d6 Kg7 27. Rxa6 Rxf2 28. Re1 {1-0 (28) Anand,V (2797)-Aronian,L (2777) Zuerich 2015 CBM 165 [Roiz,M]}) 19... Rb8 $19 20. Qxa7 {Strongly threatening h3.} Ra8 $36 {[%mdl 2048] Black is on the roll.} 21. Qxc5 {Black must now prevent Bb5.} R4xa6 22. h3 Nf6 23. Ne5 (23. Qd4 $142) 23... Ne4 {[%mdl 64] Double Attack} ({Worse is} 23... Rxa2 24. Rxa2 Rxa2 25. Qc7 $11) 24. Qd5 Nxd6 25. Nc6 Qe8 (25... Qb6 $19 26. Nb4 Ne4 27. Nxa6 Qxf2+ 28. Kh2 Qf4+ 29. Kg1 Qe3+ 30. Kh2 Qf4+ 31. Kg1 Qe3+ 32. Kh2 Qg3+ 33. Kg1 Rxa6) 26. Nb4 $17 Be6 27. Qd2 Nc4 28. Qxh6 Rd6 29. Rxd6 Nxd6 30. Rd1 Nb5 31. Qe3 Bc4 32. Qg3 Qe2 33. Rd7 Qe1+ 34. Kh2 Nxc3 35. Nc6 $2 (35. Rd6) 35... Qe6 $2 (35... Be6 $19 36. Rd8+ Rxd8) 36. Ne7+ $11 Kf8 {[#]} (36... Kh7 $5 37. Qh4+ $8 Kg7 38. Qd4+ {[%mdl 64] Double Attack} Kh7 39. Qh4+ Kg7 40. Qd4+ {[%mdl 64] Double Attack} Kh7 41. Qh4+ $11) 37. Rc7 $2 {[%mdl 8192]} (37. Nxg6+ $1 $11 {[%mdl 512] and White is okay.} fxg6 (37... Qxg6 38. Qxc3) 38. Qf4+ Ke8 39. Rh7) 37... Ne2 $2 {[#]} ({Better is} 37... Ne4 $19 38. Nxg6+ fxg6 39. Qf4+ Kg8) 38. Nxg6+ $1 {[%mdl 512]} Kg7 (38... Qxg6 39. Qxg6) 39. Qg5 {Nf4+ is the strong threat.} Qxg6 40. Qxg6+ Kxg6 41. Rxc4 Rxa2 {[%mdl 4096] Endgame KRN-KR} 42. h4 Kf5 43. g3 Ke5 44. Kg2 Nd4 45. Rc3 Nc2 46. Rc7 f6 47. h5 Ne1+ 48. Kg1 Kf5 49. h6 Kg6 50. h7 Ra8 51. Kf1 Nf3 52. Kg2 Ng5 53. Rc2 $2 {White does not recover from this.} (53. g4 $17) 53... Nxh7 $19 54. Rb2 Ng5 55. Re2 Nf7 56. Rb2 Ne5 57. Rc2 Nd3 {Hoping for ...Ne1+.} 58. Rd2 Ne1+ 59. Kf1 Nf3 60. Rb2 Ra1+ 61. Ke2 (61. Kg2 $142) 61... Ng1+ 62. Ke3 Ra3+ 63. Ke4 $2 (63. Kf4) 63... Nf3 64. Kf4 Ng5 {( -> ...Kh5)} 65. Rc2 $2 (65. Kg4 $19) 65... Kh5 {[%csl Gg5][%cal Ra3f3]} 66. g4+ Kg6 {Av CentiPawn Loss W=-60/B=-35. Weighted=-90/-58} 0-1